| 000 | 00387nam a2200097Ia 4500 | ||
|---|---|---|---|
| 008 | 180130s9999 xx 000 0 und d | ||
| 245 |
_cSudak, Donna M. _aCore competencies in cognitive behavioral therapy training |
||
| 260 | _c2016 | ||
| 300 | _aBook title: Teaching and supervising cognitive behavioral therapy--Acession number C20879; pages 25-36 | ||
| 650 | _aCOGNITIVE BEHAVIORAL THERAPY | ||
| 999 |
_c353968 _d353968 |
||